000 00324nam a2200133Ia 4500
008 191201s2010 xx 000 0 und d
100 _aSHARMA, Robin
245 0 _aWho Will Cry When You Die?
250 _a56th IMP
260 _aN. Delhi
_bJaico Publication House
_c2010
300 _a225
650 _aBBA
942 _2ddc
_cBK
999 _c4473
_d4473